Building for commerce and industry (Record no. 78923)

MARC details
000 -LEADER
fixed length control field 00703nam a2200157 a 4500
008 - FIXED-LENGTH DATA ELEMENTS--GENERAL INFORMATION
fixed length control field 120416s0000 ||||||||||||||||| || u
020 ## - INTERNATIONAL STANDARD BOOK NUMBER
International Standard Book Number 0070023298
050 ## - LIBRARY OF CONGRESS CALL NUMBER
Classification number NA 6212 Bui
100 ## - MAIN ENTRY--PERSONAL NAME
Personal name Hoyt, Charles King
245 10 - TITLE STATEMENT
Title Building for commerce and industry
Statement of responsibility, etc. edited by Charles King Hoyt
260 ## - PUBLICATION, DISTRIBUTION, ETC.
Place of publication, distribution, etc. New York
Name of publisher, distributor, etc. McGraw-Hill
Date of publication, distribution, etc. 1978
300 ## - PHYSICAL DESCRIPTION
Extent x, 228p. : ill.
350 ## -
-- 0.00
995 ## -
-- MAIN LIBRARY OPEN ACCESS
-- 0.00
-- 730353
-- CBU-MAIN LIBRARY (Kitwe)
-- 2
-- 57.45
-- NA 6212 Bui
-- 2
-- AVAILABLE
-- May 26, 2006
-- 026948
-- Main Library Open Access Collection
995 ## -
-- BINDERY (DAMAGED)
-- 0.00
-- 709222
-- CBU-MAIN LIBRARY (Kitwe)
-- 1
-- 57.45
-- NA 6212 Bui
-- DAMAGED
-- 009880
-- Main Library Open Access Collection
999 ## -
-- 78923
-- 78923

No items available.